Score 0/8 Timer 07:00
0 Plays Today
question answer % Correct
ents took on sarumanisengard
97.6%
rohan v saruman's army of orc and uruk-haiHelm's deep
96.4%
thousands of orcs led by gothmogminas tirith
92.9%
where gandalf took on balrog bridge of Khazad-dûm
91.7%
aragorn leads an army of rohan and gondor against mordorblack gate
90.8%
orcs take on gondor's other cityosgiliath
89.3%
where boromir died amon hen
81%
rohan and ghost and gondor take on orcspelennor fields
80.3%
Remove Ads.
Support Sporcle.
Get the best of Sporcle when you Go Orange. This ad-free experience offers more features, more stats, and more fun while also helping to support Sporcle. Thank you for becoming a member.

You're not logged in!

Compare scores with friends on all Sporcle quizzes.
OR
Log In

Show Comments

Extras

Created Jan 3, 2013ReportNominate
Tags:War Quiz, battle, lord, Ring

Top Quizzes Today


Score Distribution

Your Account Isn't Verified!

In order to create a playlist on Sporcle, you need to verify the email address you used during registration. Go to your Sporcle Settings to finish the process.

Report this User

Report this user for behavior that violates our Community Guidelines.

Details: